• 首页
  • 本馆介绍
  • 公告通知
  • 最新文献
  • 馆藏检索
  • 电子资源
  • 读者导购
  • 参考咨询
  • 我的图书馆
  • 登录
  • 详细信息显示
  • 放入我的书架
  • 预约/预借图书
  • 作者相关作品
  • 分类相关作品
  • 丛书相关作品
  • 出版社相关作品

书目信息

  • 表格格式
  • 工作单格式
  • 卡片格式
题名:
音乐器材
    
 
作者: 黄贵周 著
分册:  
出版信息: 台北   三民书局股份有限公司  1980
页数: 447页
开本: 20cm
丛书名:
单 册:
中图分类: TN64
科图分类:
主题词: 电声器件
电子资源:
ISBN:
000 00501nam0 2200193 45
001 0405180874
005 20040518085522.1
010    @dCNY3.80
100    @a20040518d1980 km y0chiy0120 ea
101 0  @achi
105    @a z 000yy
200 1  @a音乐器材@AYin Yue Qi Cai@f黄贵周著@FHuang Gui Zhou Zhu
210    @a台北@c三民书局股份有限公司@d1980
215    @a447页@d20cm
606 0  @a电声器件
690    @aTN64@v3
701  0 @a黄贵周@4著
801    @aCN@bTSTCL@c20040518
905    @f1@b161787@dTN64@e40
    
    音乐器材/黄贵周著.-台北:三民书局股份有限公司,1980
    447页;20cm
    
    
    ISBN :CNY3.80
    
●
相关链接 在E读中查询图书 在五车中查询图书 在当当中查询图书 在豆瓣中查询图书


正题名:音乐器材     索取号:TN64/40         预约/预借

序号 登录号 条形码 馆藏地/架位号 状态 备注
1 0161787   001354563   第三借阅区/ [索取号:TN64/40] 在馆    
2 0161788   001354858   第二样本阅览室/ [索取号:TN64/40] 在馆    
唐山师范学院图书馆 欢迎您!
大连网信软件有限公司© 版权所有